Welcome to CU Library Online Public Access Catalogue (OPAC)

Public Procurement : (Record no. 5366)

MARC details
000 -LEADER
fixed length control field 00645nam a22001817a 4500
005 - DATE AND TIME OF LATEST TRANSACTION
control field 20250405143931.0
008 - FIXED-LENGTH DATA ELEMENTS--GENERAL INFORMATION
fixed length control field 250405b |||||||| |||| 00| 0 eng d
020 ## - INTERNATIONAL STANDARD BOOK NUMBER
International Standard Book Number 9780415394055
050 ## - LIBRARY OF CONGRESS CALL NUMBER
Classification number JF1525
Item number .P85P83 2007
245 ## - TITLE STATEMENT
Title Public Procurement :
Remainder of title International Cases and Commentary /
Statement of responsibility, etc. (Editor) Louise Knight...et al
260 ## - PUBLICATION, DISTRIBUTION, ETC.
Place of publication, distribution, etc. USA
-- Canada.
Name of publisher, distributor, etc. Routledge
Date of publication, distribution, etc. c2007
300 ## - PHYSICAL DESCRIPTION
Extent xxvi, 370pgs
Other physical details bibliographical references, index
Dimensions 25cm
650 ## - SUBJECT ADDED ENTRY--TOPICAL TERM
Source of heading or term Government Purchasing
650 ## - SUBJECT ADDED ENTRY--TOPICAL TERM
Source of heading or term Government Purchasing - Case studies
650 ## - SUBJECT ADDED ENTRY--TOPICAL TERM
Source of heading or term Government spending policy
650 ## - SUBJECT ADDED ENTRY--TOPICAL TERM
Source of heading or term Government spending policy - Case studies
942 ## - ADDED ENTRY ELEMENTS (KOHA)
Source of classification or shelving scheme Library of Congress Classification
Koha item type Books
Suppress in OPAC No
999 ## -
-- 5366
-- 5366
Holdings
Withdrawn status Lost status Source of classification or shelving scheme Damaged status Not for loan Collection Home library Current library Shelving location Date acquired Total checkouts Full call number Barcode Date last seen Copy number Price effective from Koha item type
    Library of Congress Classification     Non-fiction Business Library (Miotso) Business Library (Miotso) Reference 04/05/2025   JF1525.P85P83 PUB bssm00001732 04/05/2025 1 04/05/2025 Books
© 2023-2024 Copyright: Central University Libraries. All Rights Reserved | Created by: Mahone Tech Office